000 00333nam a2200145Ia 4500
008 220928s9999 xx 000 0 und d
082 _bRAH
100 _aRAHI, ABDUL S.
245 0 _aHUM BACHCHE HINDUSTANI
260 _bARIHANT PRAKASHAN, JODHPUR
_c2013
300 _a48
650 _aGeneral
942 _cBK
999 _c208342
_d208342
041 _aHINDI